| 000 | 01816nam a22001577a 4500 | ||
|---|---|---|---|
| 008 | 120705t xxu||||| |||| 00| 0 eng d | ||
| 020 | _a0844259705 0844259713 | ||
| 050 | _aPE1441.H35 | ||
| 100 | _aHansen, Barbara | ||
| 245 |
_aSimplifed sentence skills. / _cBarbara Hansen and Rebecca McDaniel |
||
| 260 |
_aNew York: _bNTC Publishing group, _c1998. |
||
| 300 |
_axi,368 p.: _bill.; _c24cm. |
||
| 505 | _aContents: Sentence Structure: Verbs, subjects, compliments, and compound -- Sentence Errors: Independent clauses -- Dependent clauses -- Comma splices and fused sentences -- Sentence fragements -- Faulty parallelism -- Dangling modifiers -- Punctuation: Punctuation joining independent clauses -- Joining with coordinating conjunctions and connetives -- Joining with no connective word -- Joining with conjunctive adverbs and sentence modifiers -- Puntuation seperating elements in a sentence -- Separating introductory elements -- Separating items in a series -- Summary of puntuation patterns -- Grammer: Subject and verb agreement -- Singular and plural subjects and verbs -- Five common causes of subject/verb agreement errors -- Verbs -- Regular verbs -- Transitive and intransitive verbs: The Sick most difficult -- Pronouns -- Nominative case -- Possessive case -- Agreement of pronouns and antecedent -- Mechanics: Apostrophes, capitalization quotation marks and underlinning -- Relationship of plural, singular and apostrophe -- Using the apostrophe to form possessives three major rules -- Use of capitals, nine rules concerning capitalization -- Use of quotation marks and underlining -- Usage: Commonly confused words: Homophones -- More homophones -- Commonly confused words -- More commonly confused words -- Misspellings of eleven common words. | ||
| 700 | _aMcDaniel, Rebecca | ||
| 942 |
_2lcc _cBK |
||
| 999 |
_c1644 _d9144 |
||